000 00745nam a2200241 4500
001 11353
003 HDC
007 cr bn ---aaaaa
008 210207c dr|noo 0 a eng d
040 _aHDC
245 0 _aAplikasi cari restoran halal
260 _a[No place] :
_bMy Metro,
_c[no year]
336 _atext
_2rdacontent
337 _acomputer
_2rdamedia
338 _aonline resource
_2rdacarrier
650 _aHalal issues
_91644
650 _aHalal restaurant
_91117
710 _aMy Metro
856 _zRequest full-text at [email protected]
942 _2lcc
942 _cNEWS
942 _kNWSO 002250
999 _c8676
_d8676